Алгоритмическое управление асинхронным электроприводом в аварийных режимах; Электронные и электромеханические системы и устройства

Xehetasun bibliografikoak
Parent link:Электронные и электромеханические системы и устройства.— 2015.— С. 153-155
Egile nagusia: Брагин А. Д. Александр Дмитриевич
Erakunde egilea: Национальный исследовательский Томский политехнический университет (ТПУ) Энергетический институт (ЭНИН) Кафедра электропривода и электрооборудования (ЭПЭО)
Beste egile batzuk: Однокопылов Г. И. Георгий Иванович
Gaia:В фонде НТБ ТПУ отсутствует
Hizkuntza:errusiera
Argitaratua: 2015
Saila:Электромеханика
Gaiak:
Formatua: Liburu kapitulua
KOHA link:https://koha.lib.tpu.ru/cgi-bin/koha/opac-detail.pl?biblionumber=602752

MARC

LEADER 00000naa0a2200000 4500
001 602752
005 20250916155948.0
035 |a (RuTPU)RU\TPU\tpu\29107 
035 |a RU\TPU\tpu\29106 
090 |a 602752 
100 |a 20170517d2015 k y0rusy50 ca 
101 0 |a rus 
102 |a RU 
200 1 |a Алгоритмическое управление асинхронным электроприводом в аварийных режимах  |f А. Д. Брагин, Г. И. Однокопылов 
225 1 |a Электромеханика 
320 |a Библиогр.: с. 155 (5 назв.) 
333 |a В фонде НТБ ТПУ отсутствует 
463 1 |t Электронные и электромеханические системы и устройства  |o тезисы докладов XIX научно-технической конференции (Томск, 16-17 апреля 2015 г.)  |f Научно-производственный центр "Полюс" ; гл. ред. В. Н. Гладущенко  |v С. 153-155  |d 2015 
610 1 |a труды учёных ТПУ 
675 |a 62-50:621.3.06  |v 3 
700 1 |a Брагин  |b А. Д.  |g Александр Дмитриевич 
701 1 |a Однокопылов  |b Г. И.  |c специалист в области электротехники  |c профессор Томского политехнического университета, доктор наук  |f 1958-  |g Георгий Иванович  |3 (RuTPU)RU\TPU\pers\31341  |9 15513 
712 0 2 |a Национальный исследовательский Томский политехнический университет (ТПУ)  |b Энергетический институт (ЭНИН)  |b Кафедра электропривода и электрооборудования (ЭПЭО)  |3 (RuTPU)RU\TPU\col\18674 
801 1 |a RU  |b 63413507  |c 20150918 
801 2 |a RU  |b 63413507  |c 20170517  |g RCR 
942 |c BK